Multinationals in India : (Record no. 133465)

MARC details
000 -LEADER
fixed length control field 00796nam a22002417a 4500
005 - DATE AND TIME OF LATEST TRANSACTION
control field 20170124110210.0
010 ## - LIBRARY OF CONGRESS CONTROL NUMBER
LC control number B-127815
020 ## - INTERNATIONAL STANDARD BOOK NUMBER
Terms of availability 00.00
International Standard Book Number 8178293218
035 ## - SYSTEM CONTROL NUMBER
System control number B-127815
037 ## - SOURCE OF ACQUISITION
Source of stock number/acquisition Cen Lib/Ret
040 ## - CATALOGING SOURCE
Original cataloging agency DPL
Language of cataloging EN
082 ## - DEWEY DECIMAL CLASSIFICATION NUMBER
Classification number 338.88854
Item number SIN
100 ## - MAIN ENTRY--PERSONAL NAME
Personal name Sinha, Jai B.P.
9 (RLIN) 17182
245 ## - TITLE STATEMENT
Title Multinationals in India :
Statement of responsibility, etc by Jai B.P. Sinha
Remainder of title managing the interface of cultures /
246 ## - VARYING FORM OF TITLE
Remainder of title
260 ## - PUBLICATION, DISTRIBUTION, ETC. (IMPRINT)
Name of publisher, distributor, etc Sage publications
Date of publication, distribution, etc 2004
Place of publication, distribution, etc New Delhi
270 ## - ADDRESS
Address B-42, Panchsheel enclave
City New Delhi
Postal code 110017
300 ## - PHYSICAL DESCRIPTION
Extent 290p.
Dimensions 21cm(Hb)
500 ## - GENERAL NOTE
General note includes bibliographical references and index
650 ## - SUBJECT ADDED ENTRY--TOPICAL TERM
Topical term or geographic name as entry element international business interprises
Geographic subdivision India
9 (RLIN) 38016
650 ## - SUBJECT ADDED ENTRY--TOPICAL TERM
Topical term or geographic name as entry element Corporate culture
Geographic subdivision India
9 (RLIN) 38017
942 ## - ADDED ENTRY ELEMENTS (KOHA)
Source of classification or shelving scheme Dewey Decimal Classification
Koha item type English Books
Classification part 338.88854
Call number suffix SIN
Holdings
Withdrawn status Lost status Damaged status Not for loan Home library Current library Date acquired Source of acquisition Cost, normal purchase price Total Checkouts Full call number Barcode Date last seen Copy number Cost, replacement price Price effective from Koha item type Source of classification or shelving scheme Collection code
        Central Library Central Library 27/07/2015 Cen Lib/Ret 0.00   338.88854 SIN B-127815 27/07/2015 1 0.00 27/07/2015 English Books    
        Sarojini Nagar Sarojini Nagar 15/02/2019       338.88854 SIN B-127816 15/02/2019     15/02/2019 English Books Dewey Decimal Classification Non-fiction

© Delhi Public Library
Hit Counter
free hit counter